000 00354nam a22001217a 4500
008 240227b |||||||| |||| 00| 0 eng d
020 _a9966-22-319-3
100 _aNJOGU, KIMANI
245 _aTANZU ZA LUGHA
_bKITATO CHA PILI, KITABU CHA WANAFUNZI
260 _aNAIROBI
_bTHE JOMO KENYAATTA FOUNDATION
_c2003
300 _aXII, 218P.
942 _2lcc
_cBK
999 _c209341
_d209341